000 00651nam a2200193Ia 4500
003 GCL
008 140319s9999 xx 000 0 ara d
040 _aGCL /
_cGCL
082 0 4 _a730.92
_bج ح
100 1 _aجبرا خليل جبرا
245 1 0 _aجواد سليم ونصب الحرية دراسة فى اثاره وارائه /
_cجبرا خليل جبرا
260 _aالعراق :
_bوزارة الاعلام مديرية الثقافة العامة ،
_c1974
300 _a238 ص ؛
_c29 سم
650 0 4 _aالعراق
650 0 4 _aالفن
650 0 4 _aالنحت
650 0 4 _aالفنون التشكيلية
942 _2ddc
_cBK
999 _c36389
_d36389